| 000 | 00908nam a22002417a 4500 | ||
|---|---|---|---|
| 003 | OSt | ||
| 005 | 20110718134511.0 | ||
| 008 | 100405t xxu||||| |||| 00| 0 eng d | ||
| 020 | _a9966001069 | ||
| 040 |
_aNEGST Library - Kenya _cNEGST Library - Kenya _dNEGST Library - Kenya |
||
| 050 | 1 | 4 |
_aPL 8732.52 _b.T88 2006 VOL.2 |
| 245 |
_aTûthoomeeni Kîîtharaka : îbuku rîa kîraci kîa Biîrî = Let's read Kîîtharaka : STD 2 primer / _ccompilor: Zacchaeus Kibiubi; editor: Susan Nyagah. |
||
| 250 | _aRev. trial ed. | ||
| 260 |
_aNairobi, Kenya : _bBible Translation and Literacy, _cc2003. |
||
| 300 |
_aiv, 64 p. : _bill. |
||
| 500 | _aIn English and Tharaka. | ||
| 500 | _a"New syllabus" - cover. | ||
| 500 | _a[Africana]. | ||
| 650 |
_aTharaka language _xTexts. _92977 |
||
| 650 |
_aTharaka language _xStudy and teaching (Elementary). _92978 |
||
| 700 | 1 |
_aNyagah, Susan. _92979 |
|
| 942 |
_2lcc _cBK |
||
| 999 |
_c45343 _d45317 |
||